En el mismo río: -antología personal-

保存先:
書誌詳細
第一著者: Harris, Thomas (poeta)
フォーマット: 図書
言語:スペイン語
出版事項: Santiago Ediciones Universidad Diego Portales 2017
版:1a. ed
主題:
タグ: タグ追加
タグなし, このレコードへの初めてのタグを付けませんか!

MARC

LEADER 00000cam a2200000 a 4500
001 UCC2928
003 CL-VaPUC
008 180323e20170000cl |||||||||||||||||spa|d
020 |a 9789563143836 
082 0 4 |a Ch861  |b HAR  |2 21 
100 |a Harris, Thomas  |e poeta   |9 596908 
245 1 0 |a En el mismo río: -antología personal- 
250 |a 1a. ed 
300 |a 195 p 
942 |c BK 
945 |d 20180323 15:33:00  |a arojas 
260 |a Santiago  |b Ediciones Universidad Diego Portales  |c 2017 
650 0 |a Poesías chilenas   |9 265280 
650 0 |a Literatura chilena   |9 308278 
650 0 |a Antología poética  |9 504960 
583 |a last modification  |c 20180323 15:33:00  |k Rodrigo Vera 
999 |c 370817  |d 370815 
952 |0 0  |1 0  |3 erb  |4 0  |6 CH_861_000000000000000_HAR_2017  |7 0  |8 A  |9 487485  |a BIBART  |b BIBART  |i 5458676  |o Ch861 HAR 2017  |p 5458676  |r 2025-03-13  |w 2019-11-24  |y BK  |z Catalogado en:20180323  |k ART